Martín fierro : el gaucho Martín Fierro. La vuelta de Martín Fierro /

Guardado en:
Autor Principal: Hernández, José
Formato: Libro
Publicado: Buenos Aires : Salim, 2017
Edición:8a. ed.
Series:Serie Grandes lecturas. Poesía; 1
Materias:
Etiquetas: Agregar Etiqueta
Sin Etiquetas, Sea el primero en etiquetar este registro!
LEADER 01183nam a22003255a 4500
001 CEM.cems015094
008 130507s2017##################000#0#####d
005 20210716104351.0
003 CEMS
245 1 0 |a Martín fierro :  |b el gaucho Martín Fierro. La vuelta de Martín Fierro /  |c José Hernández. 
250 |a 8a. ed. 
260 |a Buenos Aires :  |b Salim,  |c 2017 
300 |a 224 p. ; 18x13 cm. 
490 0 |a Serie Grandes lecturas. Poesía; 1 
500 |a Prólogo de Miguel Angel Morelli 
020 |a 9789872539696 
100 1 |a Hernández, José 
082 0 4 |a A861.2 
653 |a Literatura 
653 |a Literatura argentina 
653 |a Poesía argentina 
653 |a Poesía 
653 |a Poesía gauchesca 
653 |a Romanticismo 
859 |a CEMS  |b BIB. CEMS - 11 de abril  |h A861.2  |i H43-8  |p 7384.80  |t Ej.1 
859 |a CEMS  |b BIB. CEMS - 11 de abril  |h A861.2  |i H43-8  |p 29072.20  |t 2 
859 |a CEMS  |b BIB. CEMS - 11 de abril  |h A861.2  |i H43-8  |p 29073.20  |t 3 
859 |a CEMS  |b BIB. CEMS - 11 de abril  |h A861.2  |i H43-8  |p 29074.20  |t 4 
859 |a CEMS  |b BIB. CEMS - 11 de abril  |h A861.2  |i H43-8  |p 29075.20  |t 5 
859 |a CEMS  |b BIB. CEMS - 11 de abril  |h A861.2  |i H43-8  |p 29076.20  |t 6